| 000 | 00697nam a22002177a 4500 | ||
|---|---|---|---|
| 003 | AR-FvUNAJ | ||
| 005 | 20231124095435.0 | ||
| 008 | 231003b ||||| |||| 00| 0 spa d | ||
| 015 | _2AR-FvUNAJ | ||
| 020 | _a978-92-1-221085-8 | ||
| 040 | _cAR-FvUNAJ | ||
| 082 | 1 | 4 |
_214 _a330.98 |
| 110 | 2 |
_93350 _aComisión Económica para América Latina y el Caribe |
|
| 245 | 1 | 0 |
_aBalance preliminar de las economías de América Latina y el Caribe : _b2011 / _cCEPAL |
| 260 |
_aSantiago de Chile : _bNaciones Unidas, _c2012. |
||
| 300 | _a98 p. | ||
| 650 | 1 | 7 |
_2unescot _9524 _aECONOMIA |
| 651 | 1 | 7 |
_2unescot _9735 _aAMERICA LATINA |
| 942 |
_2ddc _cLIBRO |
||
| 980 |
_621566 _a Miranda Raldes _821568 _g Nuñez |
||
| 999 |
_c9618 _d9618 |
||